banner-ar

الجريمة دراسة فى علم الاجتماع الجنائى / (Record no. 43351)

MARC details
000 -الفاتح
حقل البيانات ثابتة الطول 00435nam a2200133Ia 4500
008 - عناصر البيانات ثابتة الطول - معلومات عامة
حقل البيانات ثابتة الطول 140319s9999 xx 000 0 ara d
040 ## - مصدر الفهرسة
وكالة الفهرسة الأصلية GCL /
وكالة النسخ GCL
082 04 - رقم تصنيف ديوى العشرى
رقم التصنيف 364.015
رقم المادة ح ج
100 1# - المدخل الرئيسى - إسم شخصى
الإسم الشخصى حسين عبدالحميد احمد رشوان
245 10 - بيان العنوان
العنوان الجريمة دراسة فى علم الاجتماع الجنائى /
بيان المسئوليه,etc حسين عبدالحميد احمد رشوان
300 ## - الوصف المادى
التعداد 255
490 ## - بيان السلسلة
عنوان السلسلة 100 قصة
رقم المجلد/ التعيين التسلسلي 0
Holdings
حالة التراجع حالة الفقد حالة تلف ليس للاعارة المكان المؤقت الموقع الحالى تاريخ الاكتساب اجمالي اﻻعارات رقم الطلب الباركود تاريخ اخر مشاهدة تاريخ تفعيل السعر نوع وعاء كوها
        مكتبة القاهرة الكبرى مكتبة القاهرة الكبرى 03/26/2014   364.015\ح ج 104905 03/26/2014 03/26/2014 كتاب
        مكتبة القاهرة الكبرى مكتبة القاهرة الكبرى 03/26/2014   364.015\ح ج 104906 03/26/2014 03/26/2014 كتاب
        مكتبة القاهرة الكبرى مكتبة القاهرة الكبرى 03/26/2014   364.015\ح ج 104907 03/26/2014 03/26/2014 كتاب

Powered By

EGPV